[Event "26th Chicago Open"]
[Site "Wheeling, IL"]
[Date "2017.05.25"]
[Round "1.4"]
[White "Stukopin, Andrey"]
[Black "Young, Angelo"]
[Result "1-0"]
[WhiteElo "2586"]
[BlackElo "2281"]
[PlyCount "57"]
[EventDate "2017.05.??"]
[EventType "swiss"]
[EventRounds "9"]
[EventCountry "USA"]
[WhiteClock "0:00:11"]
[BlackClock "0:47:22"]

1. e4 e6 2. d4 d5 3. Nc3 Bb4 4. e5 b6 5. Qg4 Bf8 6. h4 h5 7. Qd1 Ba6 8. Bxa6
Nxa6 9. Bg5 Qd7 10. Qe2 Nb4 11. Nh3 Nc6 12. O-O-O Bb4 13. Qf3 Na5 14. Nf4 Bxc3
15. Qxc3 Rc8 16. Qf3 g6 17. g4 Qa4 18. Kb1 c5 19. gxh5 cxd4 20. hxg6 Qxc2+ 21.
Ka1 Qf5 22. Rc1 Rc5 23. g7 Rh7 24. Qa3 f6 25. Rxc5 bxc5 26. Qa4+ Kf7 27. Qd7+
Ne7 28. exf6 Nac6 29. fxe7 1-0

[Event "26th Chicago Open"]
[Site "Wheeling, IL"]
[Date "2017.05.25"]
[Round "1.8"]
[White "Popilski, Gil"]
[Black "Li, Ben"]
[Result "1/2-1/2"]
[WhiteElo "2544"]
[BlackElo "2263"]
[PlyCount "66"]
[EventDate "2017.05.??"]
[EventType "swiss"]
[EventRounds "9"]
[EventCountry "USA"]

1. Nf3 d5 2. g3 c5 3. Bg2 Nc6 4. d4 Nf6 5. O-O Bg4 6. Ne5 cxd4 7. Nxg4 Nxg4 8.
e3 Nf6 9. exd4 e6 10. Be3 Bd6 11. Nd2 O-O 12. f4 Rc8 13. g4 Ne7 14. Kh1 Qc7 15.
Rc1 h5 16. h3 hxg4 17. hxg4 b5 18. Qf3 g6 19. Bh3 Kg7 20. f5 exf5 21. gxf5 Rh8
22. fxg6 Rxh3+ 23. Qxh3 Rh8 24. Qxh8+ Kxh8 25. Rxf6 Nxg6 26. Rcf1 Qe7 27. R1f3
Kg8 28. Bf2 Bb8 29. Rxf7 Qe2 30. R7f6 Kg7 31. Rf7+ Kg8 32. R7f6 Kg7 33. Rf7+
Kg8 1/2-1/2

[Event "26th Chicago Open"]
[Site "Wheeling, IL"]
[Date "2017.05.25"]
[Round "1.16"]
[White "Brown, Michael"]
[Black "Padhya, Saumil"]
[Result "1-0"]
[WhiteElo "2489"]
[BlackElo "2219"]
[PlyCount "83"]
[EventDate "2017.05.??"]
[EventType "swiss"]
[EventRounds "9"]
[EventCountry "USA"]

1. d4 Nf6 2. c4 g6 3. Nc3 d5 4. Bf4 Bg7 5. e3 c5 6. dxc5 Qa5 7. Rc1 Be6 8. Qb3
O-O 9. Qxb7 Ne4 10. Nge2 Na6 11. Qb5 Qxb5 12. cxb5 Naxc5 13. Nd4 Bd7 14. Nxe4
Nxe4 15. f3 e5 16. Bxe5 Bxe5 17. fxe4 dxe4 18. Bc4 Bxd4 19. exd4 Rac8 20. Kd2
Kg7 21. Ke3 f5 22. g3 Kf6 23. Rc3 Ke7 24. Rhc1 Kd6 25. a4 g5 26. Be2 f4+ 27.
gxf4 gxf4+ 28. Kxe4 Rce8+ 29. Kf3 Bg4+ 30. Kxg4 Rxe2 31. R3c2 Re4 32. Kf3 Re3+
33. Kf2 Rg8 34. Rc7 Rh3 35. Rxa7 f3 36. Rf7 Rg2+ 37. Ke3 f2+ 38. Rf3 Rhxh2 39.
Rf1 Rg7 40. R1xf2 Re7+ 41. Kd3 Rh1 42. Rf6+ 1-0

[Event "26th Chicago Open"]
[Site "Wheeling, IL"]
[Date "2017.05.25"]
[Round "1.24"]
[White "Vazquez, Guillermo"]
[Black "Kumar, Aravind"]
[Result "1/2-1/2"]
[WhiteElo "2443"]
[BlackElo "2186"]
[PlyCount "96"]
[EventDate "2017.05.??"]
[EventType "swiss"]
[EventRounds "9"]
[EventCountry "USA"]

1. Nf3 d5 2. g3 Nc6 3. d4 Bf5 4. c4 e6 5. Bg2 Be7 6. O-O Nf6 7. Nc3 Ne4 8. cxd5
exd5 9. Qb3 Nxc3 10. Qxc3 O-O 11. Bf4 Re8 12. Rac1 Bb4 13. Qb3 a5 14. Qa4 Ra6
15. a3 Bf8 16. Rfd1 Be4 17. Ne5 Bxg2 18. Nxc6 bxc6 19. Kxg2 Rxe2 20. Rd2 Qe7
21. Qc2 Qe4+ 22. Qxe4 Rxe4 23. a4 Bb4 24. Rdc2 Rxd4 25. Rxc6 Rxc6 26. Rxc6 h6
27. Rxc7 Bd2 28. Bxd2 Rxd2 29. Rc8+ Kh7 30. Rc5 d4 31. Rb5 g5 32. g4 h5 33. h3
Kg6 34. b3 Rd3 35. Rb6+ f6 36. gxh5+ Kxh5 37. Rxf6 Rxb3 38. Rf5 d3 39. Kf3 d2+
40. Ke2 Rd3 41. Kd1 Kh4 42. Rxa5 Rd4 43. Ra8 Kxh3 44. a5 Kg2 45. a6 Kf1 46. Rg8
Ra4 47. Rxg5 Kxf2 48. Kxd2 Rxa6 1/2-1/2

[Event "26th Chicago Open"]
[Site "Wheeling, IL"]
[Date "2017.05.26"]
[Round "1.29"]
[White "Yoo, Christopher"]
[Black "Li, Zhaozhi"]
[Result "1/2-1/2"]
[WhiteElo "2129"]
[BlackElo "2364"]
[PlyCount "120"]
[EventDate "2017.05.??"]
[EventType "swiss"]
[EventRounds "9"]
[EventCountry "USA"]

1. e4 c5 2. Nf3 d6 3. d4 cxd4 4. Nxd4 Nf6 5. Nc3 a6 6. f3 e5 7. Nb3 Be6 8. Be3
Be7 9. Qd2 h5 10. Nd5 Nxd5 11. exd5 Bf5 12. Bd3 Bxd3 13. Qxd3 Bg5 14. O-O Nd7
15. c4 O-O 16. Rac1 b6 17. Nd2 g6 18. b4 Bxe3+ 19. Qxe3 a5 20. a3 f5 21. f4
axb4 22. axb4 Qf6 23. Nf3 e4 24. Nd4 Ra4 25. Qc3 Rc8 26. Nb5 Qxc3 27. Rxc3 Rxb4
28. Nxd6 Ra8 29. Nb5 Nc5 30. d6 Rb2 31. Rd1 Raa2 32. Rg3 Rd2 33. Rxd2 Rxd2 34.
Rxg6+ Kh7 35. Rg3 Nd3 36. Nc3 Nxf4 37. h4 Rxd6 38. Rg5 e3 39. Rxf5 e2 40. Kf2
Re6 41. Nxe2 Nxe2 42. Rxh5+ Kg6 43. Rg5+ Kh6 44. g4 Nf4 45. Kf3 Ng6 46. Rh5+
Kg7 47. Kg3 Ne5 48. Rg5+ Kf6 49. Rf5+ Ke7 50. h5 Nxc4 51. g5 Nd6 52. Rf4 Ne4+
53. Kg4 Re5 54. Rf5 Rxf5 55. Kxf5 Ng3+ 56. Kg6 Kf8 57. h6 Kg8 58. Kf6 b5 59. g6
Nh5+ 60. Ke5 b4 1/2-1/2

[Event "26th Chicago Open"]
[Site "Wheeling, IL"]
[Date "2017.05.25"]
[Round "1.34"]
[White "Williams, Justus"]
[Black "Yoo, Christopher"]
[Result "1/2-1/2"]
[WhiteElo "2383"]
[BlackElo "2129"]
[PlyCount "69"]
[EventDate "2017.05.??"]
[EventType "swiss"]
[EventRounds "9"]
[EventCountry "USA"]

1. Nf3 Nf6 2. c4 g6 3. g3 Bg7 4. Bg2 d5 5. O-O O-O 6. d4 dxc4 7. Na3 Nc6 8.
Nxc4 Be6 9. b3 Bd5 10. Bb2 a5 11. a4 Nb4 12. Ba3 c6 13. Nfe5 Bxg2 14. Kxg2 b5
15. axb5 cxb5 16. Ne3 Nfd5 17. Nxd5 Qxd5+ 18. Nf3 Rad8 19. Bxb4 axb4 20. e3 Rc8
21. Rb1 Rc3 22. Kg1 Rfc8 23. Rb2 Qf5 24. Qe2 Rc2 25. Nh4 Qe4 26. Rxc2 Qxc2 27.
Qxb5 Qxb3 28. Qb7 Qc3 29. Rb1 Rc4 30. Kg2 Bf8 31. Nf3 e6 32. Ne5 Rc7 33. Qb6
Rc8 34. Qb7 Rc7 35. Qb6 1/2-1/2

[Event "26th Chicago Open"]
[Site "Wheeling, IL"]
[Date "2017.05.25"]
[Round "1.38"]
[White "Li, Zhaozhi"]
[Black "Mills, James"]
[Result "1/2-1/2"]
[WhiteElo "2364"]
[BlackElo "2097"]
[PlyCount "131"]
[EventDate "2017.05.??"]
[EventType "swiss"]
[EventRounds "9"]
[EventCountry "USA"]

1. d4 f5 2. g3 Nf6 3. Bg2 g6 4. c4 Bg7 5. Nc3 O-O 6. Nf3 d6 7. O-O c6 8. b3 Na6
9. Bb2 Bd7 10. Qd3 Re8 11. e4 e5 12. dxe5 dxe5 13. Qe2 fxe4 14. Nxe4 Nxe4 15.
Qxe4 Bf5 16. Qe3 Qd3 17. Qc1 Rad8 18. Re1 Nb4 19. Bxe5 Nc2 20. Bxg7 Kxg7 21.
Rxe8 Rxe8 22. Qb2+ Kg8 23. Rf1 Re2 24. Qf6 Qd7 25. Qc3 Qd3 26. Qxd3 Bxd3 27.
Rd1 Bf5 28. Rd8+ Kg7 29. Bf1 Re7 30. Nh4 Bg4 31. h3 Be6 32. Ra8 a6 33. Nf3 Bf5
34. g4 Be6 35. Rb8 Nb4 36. Nd4 Bf7 37. a3 Na2 38. Rd8 c5 39. Ne2 b5 40. Nf4
bxc4 41. bxc4 Re4 42. Nd5 Rd4 43. Rd7 Nc3 44. Rxf7+ Kxf7 45. Nxc3 Ke7 46. f3
Rd2 47. Ne4 Ra2 48. Nxc5 Rxa3 49. Kf2 a5 50. Bd3 Ra2+ 51. Ke3 a4 52. Kd4 a3 53.
Kc3 Rh2 54. h4 a2 55. Nb3 Rxh4 56. Kb2 Rh2+ 57. Ka1 Rf2 58. Be4 h5 59. gxh5
gxh5 60. Nd4 Kd6 61. Nc2 h4 62. Kxa2 h3 63. Kb3 h2 64. f4 Rxf4 65. Ba8 Kc5 66.
Ne1 1/2-1/2

[Event "26th Chicago Open"]
[Site "Wheeling, IL"]
[Date "2017.05.25"]
[Round "1.47"]
[White "Wang, Xiexin"]
[Black "Kambrath, Yannick"]
[Result "1/2-1/2"]
[WhiteElo "2000"]
[BlackElo "2326"]
[PlyCount "63"]
[EventDate "2017.05.??"]
[EventType "swiss"]
[EventRounds "9"]
[EventCountry "USA"]

1. c4 Nf6 2. Nc3 g6 3. g3 Bg7 4. Bg2 O-O 5. d3 c6 6. Nf3 d5 7. O-O Re8 8. cxd5
cxd5 9. d4 Nc6 10. Bf4 b6 11. Nb5 Rf8 12. Nc7 Rb8 13. Rc1 Bb7 14. Ne5 Nxe5 15.
dxe5 Ne4 16. e6 f5 17. Nb5 Bxb2 18. Rc2 Bf6 19. Nxa7 Ra8 20. Nb5 Ra5 21. Qb1
Ba6 22. Nc7 Bc4 23. Qxb6 Rxa2 24. Rxa2 Bxa2 25. Bh6 Bg7 26. Bxg7 Kxg7 27. Qb2+
d4 28. Qxa2 Qxc7 29. Bxe4 fxe4 30. Qd5 Qd6 31. Qxe4 Rf6 32. Rd1 1/2-1/2

[Event "26th Chicago Open"]
[Site "Wheeling, IL"]
[Date "2017.05.25"]
[Round "1.48"]
[White "Aaron, Deepak"]
[Black "Gustafsson, Alexander"]
[Result "1-0"]
[WhiteElo "2320"]
[BlackElo "1974"]
[PlyCount "75"]
[EventDate "2017.05.??"]
[EventType "swiss"]
[EventRounds "9"]
[EventCountry "USA"]

1. e4 c5 2. Nf3 e6 3. d4 cxd4 4. Nxd4 a6 5. Bd3 Qc7 6. Qe2 Nc6 7. Nb3 Nf6 8.
O-O Bd6 9. f4 e5 10. f5 b5 11. Nc3 Nb4 12. Bg5 Be7 13. Rf3 Bb7 14. a3 Nxd3 15.
Rxd3 Rc8 16. Rad1 Bc6 17. Rg3 O-O 18. Rdd3 Rfd8 19. Bh6 g6 20. Bg5 d5 21. Bxf6
Bxf6 22. exd5 Bd7 23. Rdf3 e4 24. Nxe4 Be5 25. fxg6 hxg6 26. Rg5 Bxh2+ 27. Kh1
Bf4 28. d6 Bxd6 29. Nf6+ Kg7 30. Nh5+ Kg8 31. Nf6+ Kg7 32. Nh5+ Kg8 33. Qd3
Qxc2 34. Qxd6 Bf5 35. Qf6 Rd1+ 36. Kh2 Qc7+ 37. Rgg3 Kf8 38. Re3 1-0

[Event "26th Chicago Open"]
[Site "Wheeling, IL"]
[Date "2017.05.25"]
[Round "1.49"]
[White "Lucente, Mike"]
[Black "Vibbert, Sean"]
[Result "0-1"]
[WhiteElo "1973"]
[BlackElo "2316"]
[PlyCount "88"]
[EventDate "2017.05.??"]
[EventType "swiss"]
[EventRounds "9"]
[EventCountry "USA"]

1. Nf3 Nf6 2. g3 b5 3. Bg2 Bb7 4. O-O e6 5. d3 Be7 6. Nbd2 O-O 7. e4 c5 8. a4
a6 9. e5 Ne8 10. Re1 Nc6 11. Ne4 f5 12. exf6 Nxf6 13. axb5 axb5 14. Rxa8 Qxa8
15. Bf4 Nd4 16. Nxd4 cxd4 17. Be5 Qa7 18. Qe2 Bxe4 19. Bxe4 Qc5 20. c3 dxc3 21.
d4 Qb4 22. bxc3 Qxc3 23. d5 Qc5 24. dxe6 Nxe4 25. Qxe4 Qxf2+ 26. Kh1 d5 27. Qe2
Qxe2 28. Rxe2 b4 29. Kg2 Rc8 30. Ra2 Bf6 31. Bxf6 gxf6 32. Ra5 Rb8 33. Rxd5 Kf8
34. Rd2 b3 35. Rb2 Ke7 36. Kf3 Kxe6 37. Ke4 h5 38. h3 Rb7 39. Kd3 Kf5 40. Ke3
Ke5 41. h4 Kf5 42. Kf3 Rb4 43. Kf2 Ke4 44. Ke2 Rb8 0-1

[Event "26th Chicago Open"]
[Site "Wheeling, IL"]
[Date "2017.05.25"]
[Round "1.50"]
[White "He, Anthony"]
[Black "Ramoutar, Alan-Safar"]
[Result "1-0"]
[WhiteElo "2307"]
[BlackElo "1943"]
[PlyCount "50"]
[EventDate "2017.05.??"]
[EventType "swiss"]
[EventRounds "9"]
[EventCountry "USA"]

1. e4 c5 2. Nf3 g6 3. d4 cxd4 4. Nxd4 Nc6 5. Nc3 Bg7 6. Be3 Nf6 7. Bc4 Qa5 8.
O-O O-O 9. Bb3 d6 10. h3 Bd7 11. Re1 Rac8 12. Qd2 Rfe8 13. Rad1 a6 14. f4 Nxd4
15. Bxd4 e5 16. Be3 Bc6 17. f5 b5 18. Qf2 Qc7 19. Bg5 Nh5 20. f6 h6 21. g4 hxg5
22. gxh5 gxh5 23. fxg7 Kxg7 24. Rf1 Re7 25. Qf6+ Kh7 1-0

[Event "26th Chicago Open"]
[Site "Wheeling, IL"]
[Date "2017.05.25"]
[Round "1.51"]
[White "Johnston, Daniel"]
[Black "Song, Edward"]
[Result "0-1"]
[WhiteElo "1935"]
[BlackElo "2302"]
[PlyCount "104"]
[EventDate "2017.05.??"]
[EventType "swiss"]
[EventRounds "9"]
[EventCountry "USA"]

1. e4 c5 2. Nf3 e6 3. d3 a6 4. g3 b5 5. Bg2 Bb7 6. O-O d6 7. e5 Qc7 8. Re1 Nd7
9. Bf4 d5 10. c3 Ne7 11. d4 Nc6 12. Ng5 h6 13. Nf3 a5 14. Nbd2 b4 15. a3 Nb6
16. Qc2 c4 17. h4 Be7 18. Nf1 bxc3 19. bxc3 a4 20. N1h2 Na5 21. Ra2 Nb3 22. Ng4
Qd8 23. h5 Kd7 24. Be3 Qf8 25. Bc1 Ra5 26. Nd2 Qg8 27. Nb1 Nxc1 28. Rxc1 Rb5
29. f4 Qh7 30. Qxh7 Rxh7 31. Bf3 Rh8 32. Ne3 Rb3 33. Nc2 Na8 34. Nb4 Nc7 35.
Nd2 Rb8 36. Nxb3 axb3 37. Rb2 Nb5 38. Be2 Ra8 39. Rxb3 cxb3 40. Bxb5+ Kd8 41.
a4 Rc8 42. Nd3 Ba3 43. Rb1 Rxc3 44. Nc5 Bxc5 45. dxc5 Rxg3+ 46. Kf2 Rc3 47. a5
Kc7 48. Ke1 d4 49. a6 Be4 50. Rb2 Bc2 51. Be8 f6 52. Bf7 fxe5 0-1

[Event "26th Chicago Open"]
[Site "Wheeling, IL"]
[Date "2017.05.25"]
[Round "1.52"]
[White "Santarius, Erik"]
[Black "Matus, Nastassja"]
[Result "1-0"]
[WhiteElo "2302"]
[BlackElo "1885"]
[PlyCount "69"]
[EventDate "2017.05.??"]
[EventType "swiss"]
[EventRounds "9"]
[EventCountry "USA"]

1. e4 e6 2. d4 d5 3. Nd2 dxe4 4. Nxe4 Nd7 5. Nf3 Ngf6 6. Nxf6+ Nxf6 7. c3 Be7
8. Bd3 O-O 9. Ne5 c5 10. Be3 cxd4 11. Bxd4 Qd5 12. O-O b6 13. Bc4 Qd6 14. Qf3
Rb8 15. Nc6 Bb7 16. Nxe7+ Qxe7 17. Qe2 Rfd8 18. Rad1 Rbc8 19. Rd3 Kh8 20. Rh3
e5 21. Be3 Qc7 22. Bb3 Bd5 23. Bg5 Qc6 24. Bxf6 gxf6 25. Bxd5 Qxd5 26. Qh5 Qe4
27. Qxf7 Rf8 28. Qxa7 Rb8 29. Rg3 Rg8 30. Qf7 Qc6 31. Rd1 Rbf8 32. Rxg8+ Rxg8
33. f3 Qxf3 34. Qxg8+ Kxg8 35. gxf3 1-0

[Event "26th Chicago Open"]
[Site "Wheeling, IL"]
[Date "2017.05.25"]
[Round "1.53"]
[White "Rudolph, Joziah"]
[Black "Moon, Benjamin"]
[Result "0-1"]
[WhiteElo "1836"]
[BlackElo "2299"]
[PlyCount "112"]
[EventDate "2017.05.??"]
[EventType "swiss"]
[EventRounds "9"]
[EventCountry "USA"]

1. d4 Nf6 2. c4 g6 3. Nc3 Bg7 4. e4 d6 5. Nf3 O-O 6. Be2 c6 7. O-O e5 8. dxe5
dxe5 9. Qxd8 Rxd8 10. Bg5 Re8 11. h3 Nbd7 12. b4 Nh5 13. c5 Nf4 14. Nd2 h6 15.
Bh4 b6 16. cxb6 axb6 17. a4 Nxe2+ 18. Nxe2 Ba6 19. Rfe1 Bf8 20. b5 cxb5 21.
axb5 Bxb5 22. Nc3 Bc6 23. Rxa8 Rxa8 24. Rb1 Ra3 25. Rb3 Rxb3 26. Nxb3 Nc5 27.
Nxc5 Bxc5 28. Bf6 Bd6 29. Kf1 b5 30. Ke2 Kf8 31. Kd3 Ke8 32. Bg7 h5 33. Bf6 Kd7
34. f3 Ke6 35. Bg5 b4 36. Nd1 Bb5+ 37. Kd2 Bc5 38. g4 Bd4 39. gxh5 gxh5 40. f4
b3 41. Nc3 b2 42. Nb1 Bc6 43. f5+ Kd6 44. Kd3 Bb5+ 45. Kc2 Ba4+ 46. Kd3 Bb3 47.
Nd2 Kc6 48. Be7 Kb5 49. Bd6 Ka4 50. Be7 Ba2 51. Kc2 b1=Q+ 52. Nxb1 Bxb1+ 53.
Kxb1 Kb3 54. Kc1 Kc3 55. Kd1 Kd3 56. f6 Kxe4 0-1

[Event "26th Chicago Open"]
[Site "Wheeling, IL"]
[Date "2017.05.26"]
[Round "2.3"]
[White "Belous, Vladimir"]
[Black "Larson, Matthew"]
[Result "1/2-1/2"]
[WhiteElo "2587"]
[BlackElo "2367"]
[PlyCount "106"]
[EventDate "2017.05.??"]
[EventType "swiss"]
[EventRounds "9"]
[EventCountry "USA"]
[WhiteClock "0:25:53"]
[BlackClock "1:05:51"]

1. d4 Nf6 2. c4 c5 3. d5 b5 4. cxb5 a6 5. bxa6 g6 6. Nc3 Bg7 7. e4 O-O 8. Nf3
Qa5 9. Bd2 Bxa6 10. Bxa6 Qxa6 11. Qe2 e6 12. h3 exd5 13. e5 Re8 14. Be3 d4 15.
exf6 Bxf6 16. Nd5 Bg7 17. Qxa6 Nxa6 18. O-O-O dxe3 19. Nxe3 Reb8 20. Rxd7 Bxb2+
21. Kd2 Nb4 22. Rd1 Re8 23. Ke2 Rxa2 24. Kf1 Bf6 25. g4 h6 26. h4 Nc2 27. Nd5
Bg7 28. g5 hxg5 29. Nxg5 f6 30. Ne7+ Rxe7 31. Rxe7 fxg5 32. Rd8+ Kh7 33. Rdd7
Ra1+ 34. Kg2 gxh4 35. Rxg7+ Kh6 36. Rh7+ Kg5 37. Rd5+ Kf6 38. Rxc5 Ne1+ 39. Kh3
Nd3 40. Rc2 g5 41. Rb7 Ra3 42. Rc6+ Kf5 43. Rb5+ Ne5+ 44. Kh2 g4 45. Rh6 g3+
46. Kg2 Ra2 47. Rh5+ Kg4 48. Rbxe5 h3+ 49. Rxh3 Rxf2+ 50. Kg1 Kxh3 51. Rh5+ Kg4
52. Rh8 Rf4 53. Kg2 Rf2+ 1/2-1/2

[Event "26th Chicago Open"]
[Site "Wheeling, IL"]
[Date "2017.05.26"]
[Round "2.10"]
[White "Thavandiran, Shiyam"]
[Black "Perelshteyn, Eugene"]
[Result "1/2-1/2"]
[WhiteElo "2363"]
[BlackElo "2511"]
[PlyCount "71"]
[EventDate "2017.05.??"]
[EventType "swiss"]
[EventRounds "9"]
[EventCountry "USA"]

1. e4 c5 2. Nf3 Nc6 3. d4 cxd4 4. Nxd4 g6 5. c4 Nf6 6. Nc3 d6 7. f3 Nxd4 8.
Qxd4 Bg7 9. Be3 O-O 10. Qd2 Be6 11. Rc1 Qa5 12. Be2 Rfc8 13. b3 a6 14. Na4
Qxd2+ 15. Kxd2 Nd7 16. g4 f5 17. exf5 gxf5 18. h3 Rf8 19. f4 Rad8 20. g5 Nc5
21. Nxc5 dxc5+ 22. Ke1 Bd4 23. Kf2 Bxe3+ 24. Kxe3 Rd4 25. Bf3 Rfd8 26. Rhd1 b6
27. Rxd4 Rxd4 28. h4 Kg7 29. h5 h6 30. g6 a5 31. Rd1 Rxd1 32. Bxd1 Bd7 33. Kd3
Bc6 34. Kc3 Kf6 35. Kd2 e6 36. Kc3 1/2-1/2

[Event "26th Chicago Open"]
[Site "Wheeling, IL"]
[Date "2017.05.26"]
[Round "2.18"]
[White "Song, Edward"]
[Black "Gurevich, Daniel"]
[Result "1/2-1/2"]
[WhiteElo "2302"]
[BlackElo "2460"]
[PlyCount "78"]
[EventDate "2017.05.??"]
[EventType "swiss"]
[EventRounds "9"]
[EventCountry "USA"]

1. e4 c6 2. d4 d5 3. e5 Bf5 4. Nf3 e6 5. Be2 Ne7 6. O-O c5 7. c4 Nbc6 8. Na3 a6
9. Be3 cxd4 10. Nxd4 Nxd4 11. Bxd4 Nc6 12. cxd5 Qxd5 13. Bc3 Bxa3 14. bxa3 Be4
15. Qxd5 Bxd5 16. a4 Rc8 17. Rfc1 Ne7 18. Bb4 Rxc1+ 19. Rxc1 Nc6 20. a3 Kd7 21.
f4 h6 22. Bd2 Nd4 23. Bd1 f6 24. exf6 gxf6 25. Rc3 Rg8 26. Rg3 Rxg3 27. hxg3
Bb3 28. Bc3 Bxd1 29. Bxd4 Bxa4 30. Bxf6 h5 31. Kf2 Kc6 32. Ke3 Kd5 33. Kd3 Bb5+
34. Kc3 Bf1 35. g4 hxg4 36. g3 Ke4 37. Bd8 Kf3 38. f5 exf5 39. Bc7 Ke4 1/2-1/2

[Event "26th Chicago Open"]
[Site "Wheeling, IL"]
[Date "2017.05.26"]
[Round "2.19"]
[White "Mitkov, Nikola"]
[Black "Feng, Maggie"]
[Result "1-0"]
[WhiteElo "2454"]
[BlackElo "2298"]
[Annotator "Hater,David"]
[PlyCount "99"]
[EventDate "2017.05.??"]
[EventType "swiss"]
[EventRounds "9"]
[EventCountry "USA"]

1. e4 e6 2. Nc3 d5 3. d4 Bb4 4. Nge2 dxe4 5. a3 Be7 6. Nxe4 Nd7 7. N2c3 Ngf6 8.
Bf4 O-O 9. Qf3 Nd5 10. Bd2 c6 11. O-O-O b5 12. h4 a5 13. Qg3 Kh8 14. Ng5 Nxc3
15. Qxc3 Nf6 16. Qf3 b4 17. a4 Qd5 18. Qxd5 cxd5 19. h5 h6 20. Nf3 Ng4 21. Be1
Ba6 22. Kb1 Rfc8 23. Nd2 Bxf1 24. Rxf1 Nf6 25. Rh1 Nd7 26. Rh3 Kg8 27. Nf3 Bd6
28. Rd2 Nb6 29. b3 Nd7 30. Re2 Kf8 31. Bd2 Nf6 32. Ne1 Ne4 33. Nd3 Nxd2+ 34.
Rxd2 Rc3 35. Rf3 Rac8 36. Ne1 f6 37. Rxc3 Rxc3 38. Nf3 Kf7 39. Ng1 g6 40. hxg6+
Kxg6 41. Ne2 Rc8 42. Rd3 Kf7 43. c3 bxc3 44. Rxc3 Rg8 45. g3 e5 46. Rc6 Rd8 47.
Kc2 Bb4 48. Kd3 Rd6 49. Rc7+ Ke6 50. Rh7 {Time pressure; white won several
moves later} 1-0

[Event "26th Chicago Open"]
[Site "Wheeling, IL"]
[Date "2017.05.26"]
[Round "2.24"]
[White "Wongso, Steve"]
[Black "Shmelov, Denys"]
[Result "0-1"]
[WhiteElo "1636"]
[BlackElo "2415"]
[PlyCount "74"]
[EventDate "2017.05.??"]
[EventType "swiss"]
[EventRounds "9"]
[EventCountry "USA"]

1. e4 c6 2. d4 d5 3. Nd2 dxe4 4. Nxe4 Bf5 5. Ng3 Bg6 6. h4 h6 7. h5 Bh7 8. Nf3
Nd7 9. Bd3 Bxd3 10. Qxd3 e6 11. Bd2 Ngf6 12. O-O-O Be7 13. Ne4 Nxe4 14. Qxe4
Nf6 15. Qe2 Qd5 16. Kb1 Nxh5 17. Ne5 Nf6 18. f3 Qd8 19. g4 Nd7 20. g5 Bxg5 21.
Bxg5 Qxg5 22. Rhg1 Qf6 23. Nc4 O-O 24. Nd6 Rab8 25. Ne4 Qf5 26. Qg2 g6 27. Qh2
Kg7 28. Ng3 Qd5 29. Nh5+ Kh7 30. Nf4 Qf5 31. Rh1 h5 32. Rdg1 Rh8 33. Nxh5 Kg8
34. Qh4 Kf8 35. Qh2 Rxh5 36. Qd6+ Ke8 37. Rxh5 Qxh5 0-1

[Event "26th Chicago Open"]
[Site "Wheeling, IL"]
[Date "2017.05.26"]
[Round "2.28"]
[White "Kumar, Aravind"]
[Black "Williams, Justus"]
[Result "1-0"]
[WhiteElo "2186"]
[BlackElo "2383"]
[PlyCount "54"]
[EventDate "2017.05.??"]
[EventType "swiss"]
[EventRounds "9"]
[EventCountry "USA"]

1. d4 Nf6 2. c4 e6 3. Nc3 Bb4 4. f3 c5 5. d5 O-O 6. e4 d6 7. Bd3 b5 8. Nge2
exd5 9. cxd5 c4 10. Bc2 Qb6 11. Nd4 Nbd7 12. Be3 Bc5 13. O-O Ne5 14. Kh1 Bd7
15. Bg1 b4 16. Nce2 a5 17. Qd2 a4 18. Rac1 Rfe8 19. Bb1 Bc8 20. Rfd1 Ba6 21.
Nf5 Bxg1 22. Rxg1 Bc8 23. Ned4 Bxf5 24. Nxf5 Rac8 25. Bc2 b3 26. axb3 cxb3 27.
Bb1 h6 1-0

[Event "26th Chicago Open"]
[Site "Wheeling, IL"]
[Date "2017.05.26"]
[Round "2.32"]
[White "Li, Ben"]
[Black "Wang, Xiexin"]
[Result "0-1"]
[WhiteElo "2263"]
[BlackElo "2000"]
[PlyCount "94"]
[EventDate "2017.05.??"]
[EventType "swiss"]
[EventRounds "9"]
[EventCountry "USA"]

1. d4 d5 2. Nf3 Nf6 3. c4 c6 4. e3 a6 5. Bd3 Bg4 6. Nbd2 Nbd7 7. Qc2 e6 8. b3
Bh5 9. Bb2 Bg6 10. O-O Be7 11. e4 dxe4 12. Nxe4 Nxe4 13. Bxe4 O-O 14. Rad1 Nf6
15. Bxg6 hxg6 16. Rfe1 Re8 17. Ne5 Qc7 18. Rd3 Rad8 19. Qe2 Bf8 20. Red1 a5 21.
h3 Ra8 22. Bc1 a4 23. Bg5 axb3 24. axb3 Be7 25. Rf3 Rf8 26. Bf4 Qb6 27. h4 Ra3
28. Bg5 Qc7 29. Re1 Qd6 30. Rd1 Rfa8 31. Bf4 Qb4 32. Nxg6 fxg6 33. Qxe6+ Kh7
34. c5 Ra1 35. Rfd3 Bxc5 36. Be5 Rxd1+ 37. Rxd1 Re8 38. Qh3 Bd6 39. h5 Bxe5 40.
hxg6+ Kxg6 41. dxe5 Rxe5 42. Qg3+ Qg4 43. Qd3+ Qe4 44. Qh3 Nd5 45. Qc8 Rg5 46.
Qh3 Qf5 47. Qh4 Qg4 0-1

[Event "26th Chicago Open"]
[Site "Wheeling, IL"]
[Date "2017.05.26"]
[Round "2.33"]
[White "Song, Michael"]
[Black "Tsay, Vincent"]
[Result "1-0"]
[WhiteElo "2423"]
[BlackElo "1980"]
[PlyCount "77"]
[EventDate "2017.05.??"]
[EventType "swiss"]
[EventRounds "9"]
[EventCountry "USA"]

1. d4 Nf6 2. c4 g6 3. Nc3 Bg7 4. e4 d6 5. f3 O-O 6. Be3 Nc6 7. Nge2 a6 8. Qd2
Rb8 9. Rc1 Bd7 10. Nd1 b5 11. c5 Ne8 12. d5 Ne5 13. c6 Bc8 14. Ng3 e6 15. b3
Nf6 16. Be2 exd5 17. exd5 Nh5 18. Nxh5 gxh5 19. O-O f5 20. Nf2 Qf6 21. Nh3 Ng6
22. f4 h4 23. Rfe1 Re8 24. Bh5 Ra8 25. Bf2 Re7 26. Bxg6 hxg6 27. Rxe7 Qxe7 28.
Re1 Qd8 29. Ng5 a5 30. Bxh4 b4 31. Nf3 Bf6 32. Bxf6 Qxf6 33. Re8+ Kf7 34. Qe1
Bb7 35. Ng5+ Kg7 36. Qe7+ Qxe7 37. Rxe7+ Kf8 38. cxb7 Rb8 39. Rxc7 1-0

[Event "26th Chicago Open"]
[Site "Wheeling, IL"]
[Date "2017.05.26"]
[Round "2.44"]
[White "Khanna, Ravi"]
[Black "Virkud, Apurva"]
[Result "1/2-1/2"]
[WhiteElo "2061"]
[BlackElo "2252"]
[PlyCount "81"]
[EventDate "2017.05.??"]
[EventType "swiss"]
[EventRounds "9"]
[EventCountry "USA"]

1. e4 c5 2. d4 cxd4 3. c3 Nf6 4. e5 Nd5 5. Bc4 Nb6 6. Bb3 d5 7. cxd4 Nc6 8. Ne2
Bf5 9. Ng3 Bg6 10. f4 e6 11. O-O Qd7 12. f5 exf5 13. Bc2 Rc8 14. Bxf5 Bxf5 15.
Nxf5 g6 16. Nh6 Nxd4 17. Ng4 Qe6 18. Nf6+ Kd8 19. Nc3 Bc5 20. Kh1 Rc6 21. b4
Bxb4 22. Ncxd5 Bc5 23. Bb2 Nxd5 24. Bxd4 Kc8 25. Bxc5 Rxc5 26. Ne4 Rc7 27. Qd4
Kb8 28. Nc5 Qc6 29. e6 f6 30. Rac1 Ka8 31. Rfd1 Rhc8 32. h3 Ne7 33. Nd7 Qxc1
34. Rxc1 Rxc1+ 35. Kh2 Nf5 36. Qa4 R1c6 37. Nxf6 Rxe6 38. Qd7 Rec6 39. Nd5 Kb8
40. a4 Rd6 41. Qf7 1/2-1/2

[Event "26th Chicago Open"]
[Site "Wheeling, IL"]
[Date "2017.05.26"]
[Round "2.48"]
[White "Guddanti, Harshita"]
[Black "Wang, Michael"]
[Result "1/2-1/2"]
[WhiteElo "2007"]
[BlackElo "2224"]
[PlyCount "74"]
[EventDate "2017.05.??"]
[EventType "swiss"]
[EventRounds "9"]
[EventCountry "USA"]

1. e4 e5 2. Nf3 Nc6 3. Bb5 Nf6 4. O-O Nxe4 5. d4 Nd6 6. Bxc6 dxc6 7. dxe5 Nf5
8. Qxd8+ Kxd8 9. Rd1+ Ke8 10. b3 a5 11. Nc3 Be7 12. Bb2 Be6 13. Ne2 a4 14. Nf4
h5 15. Nxe6 fxe6 16. Nd4 Nxd4 17. Bxd4 Kf7 18. Kf1 Rhd8 19. Ke2 b5 20. f4 Kg6
21. Be3 Rxd1 22. Rxd1 Rd8 23. Rxd8 Bxd8 24. bxa4 bxa4 25. Kf3 Kf5 26. g3 Be7
27. h3 g5 28. fxg5 Bb4 29. Bf4 Bc5 30. g4+ hxg4+ 31. hxg4+ Kg6 32. Ke4 Bf2 33.
c4 c5 34. Be3 Bg3 35. Bf4 Bf2 36. Kf3 Bd4 37. Ke4 Bf2 1/2-1/2